00866cam a2200253 a 4500001000500000005001700005020002700022040002300049050001400072082001100086100001800097245007600115260009100191300005800282490003800340505000800378520007300386521002900459521002000488650001900508650002900527650002200556700003400578437820240816111134.0 a0307621189 (lib. bdg.) aDLCcDLCdDLCbeng00aPZ7.S697300a813.541 aSommers, Tish12aA bird's best friend /cby Tish Sommers ; illustrated by Maggie Swanson aNew York :bWestern Pub. Co. in conjunction with Children's Television Workshop,c1986 a25 unnumbered pages : bcolor illustrations ;c22 cm. a Sesame Street: A Growing-Up Book aF  aBig Bird learns that taking care of a puppy is a big responsibility. a300 bLexile estimate  aF bRaz-Plus  1aDogsxFiction. 1aResponsibilityxFiction. 1aPuppetsxFiction.1 aSwanson, Maggieeillustrator